البراءة في الأحكام الجنائية وأثرها في رفض الدعوى المدنية/ (Record no. 41679)
[ view plain ]
| 000 -LEADER | |
|---|---|
| fixed length control field | 02174nam a22003377a 4500 |
| 003 - CONTROL NUMBER IDENTIFIER | |
| control field | EG-GICUC |
| 005 - DATE AND TIME OF LATEST TRANSACTION | |
| control field | 20260121101155.0 |
| 008 - FIXED-LENGTH DATA ELEMENTS--GENERAL INFORMATION | |
| fixed length control field | 251107s1992 ua ||||fr|||| 00| 0 ara d |
| 017 ## - COPYRIGHT OR LEGAL DEPOSIT NUMBER | |
| Copyright or legal deposit number | 1992/3980 |
| 020 ## - INTERNATIONAL STANDARD BOOK NUMBER | |
| International Standard Book Number | 9770300985 |
| 040 ## - CATALOGING SOURCE | |
| Original cataloging agency | EG-GICUC |
| Language of cataloging | ara |
| Transcribing agency | EG-GICUC |
| Modifying agency | EG-GICUC |
| Description conventions | rda |
| 041 ## - LANGUAGE CODE | |
| Language code of text/sound track or separate title | ara |
| 082 04 - DEWEY DECIMAL CLASSIFICATION NUMBER | |
| Edition number | 21 |
| Classification number | 343.3 |
| Item number | م ح . ب |
| 092 04 - LOCALLY ASSIGNED DEWEY CALL NUMBER (OCLC) | |
| Edition number | 21 |
| 099 ## - LOCAL FREE-TEXT CALL NUMBER (OCLC) | |
| Classification number | Law1 10 343.3 1992 |
| 100 0# - MAIN ENTRY--PERSONAL NAME | |
| Personal name | محمد محمد شتا أبوالسعد |
| Relator term | مؤلف. |
| 245 ## - TITLE STATEMENT | |
| Title | البراءة في الأحكام الجنائية وأثرها في رفض الدعوى المدنية/ |
| Statement of responsibility, etc. | محمد محمد شتا أبوالسعد |
| 250 ## - EDITION STATEMENT | |
| Edition statement | الطبعة الثانية |
| 264 ## - PRODUCTION, PUBLICATION, DISTRIBUTION, MANUFACTURE, AND COPYRIGHT NOTICE | |
| Place of production, publication, distribution, manufacture | الإسكندرية : |
| Name of producer, publisher, distributor, manufacturer | منشأة المعارف , |
| Date of production, publication, distribution, manufacture, or copyright notice | 1992 . |
| 300 ## - PHYSICAL DESCRIPTION | |
| Extent | 584 صفحة; |
| Dimensions | 24 سم |
| 336 ## - CONTENT TYPE | |
| Source | rda content |
| Content type term | text |
| 337 ## - MEDIA TYPE | |
| Source | rda media |
| Media type term | Computer |
| 338 ## - CARRIER TYPE | |
| Source | rda carrier |
| Carrier type term | Online Resource |
| 505 ## - FORMATTED CONTENTS NOTE | |
| Formatted contents note | أول دراسة قضائية وفقهية تأصيلية جامعة في الموضوع وتتناول أسباب الحكم بالبراء والتخفيف في مجال القسم العام من قانون العقوبات والأحداث ، وفي بعض جرائم القسم الخاص ، كجرائم أمن الدولة ، والسرقة ، والقتل عمدا أو خطأ ، والنصب وجرائم نطا، الشباك ، وجرائم المخدرات ، والأسلحة والذخائر، والبراءة الأسباب إجرائية مع إضافات في البراءة لعدم مراعاة حرمة المسكن لك وعدم دستورية قانون الطوارئ - والبراءة العدم مراعاة حقوق وضمانات المشتبه فيه في مرحلة الاستدلال - والبراءة في الجرائم . فيه مرحلة الضريبية - وبحث مطول عن أثر حكم البراءة في رفض الدعوى المدنية . |
| 546 ## - LANGUAGE NOTE | |
| Language note | النص باللغة العربية |
| 650 1# - SUBJECT ADDED ENTRY--TOPICAL TERM | |
| Topical term or geographic name entry element | قانون جنائي |
| 650 1# - SUBJECT ADDED ENTRY--TOPICAL TERM | |
| Topical term or geographic name entry element | قانون الإجراءات الجنائية |
| 856 40 - ELECTRONIC LOCATION AND ACCESS | |
| Uniform Resource Identifier | <a href="https://fll.law.cu.edu.eg/fulltext/bks/B10-05870.pdf">https://fll.law.cu.edu.eg/fulltext/bks/B10-05870.pdf</a> |
| 905 ## - Cataloger and Reviser Names | |
| Cataloger Name: | Marwa |
| Revisor Name: | Yara |
| 942 ## - ADDED ENTRY ELEMENTS (KOHA) | |
| Source of classification or shelving scheme | Dewey Decimal Classification |
| Koha item type | Books |
| Edition | 21 |
| Suppress in OPAC | No |
| Withdrawn status | Lost status | Source of classification or shelving scheme | Damaged status | Not for loan | Collection | Home library | Current library | Date acquired | Total checkouts | Full call number | Barcode | Date last seen | Copy number | Price effective from | Koha item type |
|---|---|---|---|---|---|---|---|---|---|---|---|---|---|---|---|
| Dewey Decimal Classification | Not for loan | القانون الجنائي | جــــامعة القــاهرة | مكتبة كلية الحقوق - المبنى الرئيسي | 07.11.2025 | Law1 10 343.3 م ح . ب 2 ed - 1992 1005870 C1 | B10-05870 | 07.11.2025 | 1 | 07.11.2025 | Books | ||||
| Dewey Decimal Classification | القانون الجنائي | جــــامعة القــاهرة | مكتبة كلية الحقوق - المبنى الرئيسي | 07.11.2025 | Law1 10 343.3 2 ed - 1992 1005871 C2 | B10-05871 | 07.11.2025 | 2 | 07.11.2025 | Books | |||||
| Dewey Decimal Classification | القانون الجنائي | مكتبة كلية الحقوق - فـرع الشيخ زايد | مكتبة كلية الحقوق - فـرع الشيخ زايد | 14.01.2026 | Law2 10 343.3 م ح . ب 2 ed - 1992 1007801 C3 | B10-07801 | 14.01.2026 | 3 | 14.01.2026 | Books |